000
00238nam a2200109Ia 4500
008
190216s9999||||xx |||||||||||||| ||und||
100
_a
Walter W Bigg
245
0
_a
Practical Auditing
260
_b
Null
_c
1968
300
_a
821p
942
_c
BK
999
_c
3867
_d
3867